00648cam a2200193 a 4500001000800000005001700008008004100025020001700066040001800083082002600101100001900127245009400146260004200240300001900282500006700301500005600368500002000424650001000444344668120231127043403.0920313s1992 ii b b 001 0 eng  a8185565023 : aDLCcDLCdDLC00a305.42/0954220bSHA.1 aSharan, B. R. 10aStatus of Indian women :ba historical perspective /cB.R. Sharan ; foreword, D.K. Bhatt. aNew Delhi :bUppal Pub. House,c1992. axiii, 189 p. : a"Under the auspices of Joint Women's Programme and I.S.P.C.K." aCopyright: William Carey Study and Research Centre. aIncludes index. 0aWomen